000
00383nam a2200133Ia 4500
008
100328s9999 xx 000 0 und d
082
_b
22843
100
_a
सहस्त्रबुदे नलिनी
245
_a
राजयोगिनी
260
_b
अनुपम
630
_a
राजयोगिनी
730
_a
राजयोगिनी
942
_c
BOOK
999
_c
516666
_d
516663